nba 3k psp - Statistics

General Stats
  • This quiz has been taken 8 times
  • The average score is 882 of 1462
Answer Stats
Season Season Rank Player PSP Alltime Rank Team Pos % Correct
1996 6 Anfernee Hardaway 4009 311 ORL PG
100%
1995 5 Anfernee Hardaway 4077 277 ORL PG
100%
1994 16 Anfernee Hardaway 3210 1055 ORL PG
100%
2024 10 Anthony Davis 4019 308 LAL C
100%
2023 16 Anthony Davis 3414 756 LAL C
100%
2020 6 Anthony Davis 3817 423 LAL PF
100%
2018 5 Anthony Davis 4059 287 NOP PF
100%
2017 12 Anthony Davis 3558 615 NOP C
100%
2015 12 Anthony Davis 3153 1139 NOP PF
100%
2024 7 Anthony Edwards 4226 216 MIN SG
100%
2023 12 Anthony Edwards 3616 571 MIN SG
100%
2024 26 Bam Adebayo 3060 1326 MIA C
100%
2023 8 Bam Adebayo 3759 448 MIA C
100%
2020 8 Bam Adebayo 3529 645 MIA PF
100%
2008 11 Baron Davis 3656 539 GSW PG
100%
2007 14 Baron Davis 3233 1017 GSW PG
100%
2004 14 Baron Davis 3276 964 NOH PG
100%
2002 9 Baron Davis 3893 380 CHH PG
100%
2001 21 Baron Davis 3312 896 CHH PG
100%
2019 9 Ben Simmons 3849 401 PHI PG
100%
2018 7 Ben Simmons 3906 372 PHI PG
100%
1969 7 Bill Russell 3754 452 BOS C
100%
1968 3 Bill Russell 4048 295 BOS C
100%
1967 4 Bill Russell 4112 259 BOS C
100%
1966 4 Bill Russell 4448 156 BOS C
100%
1965 3 Bill Russell 4452 155 BOS C
100%
1964 4 Bill Russell 4329 188 BOS C
100%
1963 4 Bill Russell 4570 123 BOS C
100%
1962 3 Bill Russell 4732 94 BOS C
100%
1961 4 Bill Russell 4312 191 BOS C
100%
1960 2 Bill Russell 4335 184 BOS C
100%
1959 3 Bill Russell 3780 439 BOS C
100%
1958 2 Bill Russell 3515 660 BOS C
100%
2019 18 Blake Griffin 3377 804 DET PF
100%
2015 7 Blake Griffin 3518 657 LAC PF
100%
2014 4 Blake Griffin 3980 333 LAC PF
100%
2011 9 Blake Griffin 3566 604 LAC PF
100%
1974 22 Bob Love 3032 1399 CHI PF
100%
1971 14 Bob Love 3361 827 CHI PF
100%
2021 16 Bradley Beal 3096 1264 WAS SG
100%
2019 12 Bradley Beal 3585 589 WAS SG
100%
2018 14 Bradley Beal 3300 916 WAS SG
100%
2017 20 Bradley Beal 3123 1205 WAS SG
100%
2014 11 Carmelo Anthony 3364 818 NYK PF
100%
2013 11 Carmelo Anthony 3284 944 NYK PF
100%
2011 15 Carmelo Anthony 3280 958 NYK,DEN SF
100%
2010 16 Carmelo Anthony 3249 999 DEN SF
100%
2009 16 Carmelo Anthony 3193 1086 DEN SF
100%
2008 17 Carmelo Anthony 3351 840 DEN SF
100%
2007 21 Carmelo Anthony 3064 1319 DEN SF
100%
2006 18 Carmelo Anthony 3249 1001 DEN SF
100%
2022 14 Chris Paul 3305 904 PHO PG
100%
2021 7 Chris Paul 3645 549 PHO PG
100%
2018 21 Chris Paul 3032 1398 HOU PG
100%
2017 22 Chris Paul 3024 1419 LAC PG
100%
2016 11 Chris Paul 3575 595 LAC PG
100%
2015 4 Chris Paul 4340 183 LAC PG
100%
2014 8 Chris Paul 3554 617 LAC PG
100%
2013 13 Chris Paul 3231 1023 LAC PG
100%
2012 5 Chris Paul 3099 1259 LAC PG
100%
2011 7 Chris Paul 3673 520 NOH PG
100%
2009 4 Chris Paul 4378 172 NOH PG
100%
2008 3 Chris Paul 4724 95 NOH PG
100%
2006 28 Chris Paul 3061 1324 NOK PG
100%
2016 19 CJ McCollum 3079 1295 POR SG
100%
2024 16 Damian Lillard 3383 796 MIL PG
100%
2023 27 Damian Lillard 3061 1323 POR PG
100%
2021 6 Damian Lillard 3664 533 POR PG
100%
2020 7 Damian Lillard 3616 570 POR PG
100%
2019 5 Damian Lillard 4412 164 POR PG
100%
2018 9 Damian Lillard 3488 682 POR PG
100%
2017 15 Damian Lillard 3522 649 POR PG
100%
2016 8 Damian Lillard 3791 434 POR PG
100%
2015 8 Damian Lillard 3409 763 POR PG
100%
2014 10 Damian Lillard 3447 726 POR PG
100%
2019 17 D'Angelo Russell 3432 738 BRK PG
100%
2023 30 Darius Garland 3016 1429 CLE PG
100%
2022 23 Darius Garland 3051 1351 CLE PG
100%
1978 3 David Thompson 3992 325 DEN SG
100%
1977 8 David Thompson 3540 632 DEN SG
100%
2008 21 David West 3214 1051 NOH PF
100%
2024 15 De'Aaron Fox 3420 749 SAC PG
100%
2023 14 De'Aaron Fox 3489 681 SAC PG
100%
2019 30 De'Aaron Fox 3061 1325 SAC PG
100%
2015 17 DeAndre Jordan 3009 1443 LAC C
100%
2024 19 Dejounte Murray 3361 829 ATL SG
100%
2023 23 Dejounte Murray 3197 1079 ATL SG
100%
2022 11 Dejounte Murray 3452 717 SAS PG
100%
2017 10 DeMarcus Cousins 3593 584 NOP,SAC C
100%
2016 18 DeMarcus Cousins 3116 1224 SAC C
100%
2014 18 DeMarcus Cousins 3059 1328 SAC C
100%
2024 22 DeMar DeRozan 3297 924 CHI SF
100%
2023 25 DeMar DeRozan 3119 1216 CHI SF
100%
2022 9 DeMar DeRozan 3540 633 CHI PF
100%
2019 16 DeMar DeRozan 3443 728 SAS SG
100%
2018 11 DeMar DeRozan 3450 724 TOR SG
100%
2017 16 DeMar DeRozan 3432 737 TOR SG
100%
2016 12 DeMar DeRozan 3545 623 TOR SG
100%
2014 17 DeMar DeRozan 3130 1193 TOR SG
100%
2024 18 Devin Booker 3361 828 PHO PG
100%
2022 15 Devin Booker 3303 908 PHO SG
100%
2021 9 Devin Booker 3587 586 PHO SG
100%
2020 14 Devin Booker 3139 1162 PHO SG
100%
2014 20 Dirk Nowitzki 3007 1448 DAL PF
100%
2011 10 Dirk Nowitzki 3543 626 DAL PF
100%
2010 9 Dirk Nowitzki 3486 683 DAL PF
100%
2009 7 Dirk Nowitzki 3741 461 DAL PF
100%
2008 15 Dirk Nowitzki 3372 809 DAL PF
100%
2007 11 Dirk Nowitzki 3482 686 DAL PF
100%
2006 3 Dirk Nowitzki 4533 135 DAL PF
100%
2005 5 Dirk Nowitzki 4049 293 DAL PF
100%
2004 18 Dirk Nowitzki 3186 1094 DAL C
100%
2003 7 Dirk Nowitzki 4210 225 DAL PF
100%
2002 13 Dirk Nowitzki 3456 711 DAL C
100%
2001 18 Dirk Nowitzki 3426 742 DAL PF
100%
2024 6 Domantas Sabonis 4281 202 SAC C
100%
2023 4 Domantas Sabonis 4007 313 SAC C
100%
2021 17 Domantas Sabonis 3048 1359 IND PF
100%
2024 27 Donovan Mitchell 3000 1462 CLE SG
100%
2023 24 Donovan Mitchell 3165 1124 CLE SG
100%
2022 19 Donovan Mitchell 3096 1265 UTA SG
100%
2019 29 Donovan Mitchell 3099 1261 UTA SG
100%
2018 20 Donovan Mitchell 3084 1289 UTA SG
100%
2018 12 Draymond Green 3372 807 GSW PF
100%
2017 17 Draymond Green 3357 833 GSW PF
100%
2016 6 Draymond Green 4265 207 GSW PF
100%
2015 13 Draymond Green 3153 1140 GSW PF
100%
2016 20 Dwyane Wade 3043 1373 MIA SG
100%
2013 8 Dwyane Wade 3417 751 MIA SG
100%
2011 4 Dwyane Wade 4227 215 MIA SG
100%
2010 6 Dwyane Wade 3922 365 MIA SG
100%
2009 3 Dwyane Wade 4571 122 MIA SG
100%
2006 2 Dwyane Wade 4810 80 MIA SG
100%
2005 2 Dwyane Wade 4182 231 MIA SG
100%
1975 21 Fred Brown 3077 1301 SEA SG
100%
2024 8 Giannis Antetokounmpo 4181 233 MIL PF
100%
2023 11 Giannis Antetokounmpo 3660 537 MIL PF
100%
2022 4 Giannis Antetokounmpo 4454 154 MIL PF
100%
2021 2 Giannis Antetokounmpo 4412 163 MIL PF
100%
2020 4 Giannis Antetokounmpo 4028 302 MIL PF
100%
2019 2 Giannis Antetokounmpo 4702 102 MIL PF
100%
2018 6 Giannis Antetokounmpo 4055 290 MIL PF
100%
2017 7 Giannis Antetokounmpo 3959 343 MIL SF
100%
2017 6 Isaiah Thomas 3994 324 BOS PG
100%
2016 13 Isaiah Thomas 3416 754 BOS PG
100%
1993 21 Isiah Thomas 3106 1244 DET PG
100%
1992 25 Isiah Thomas 3120 1213 DET PG
100%
1990 5 Isiah Thomas 4382 171 DET PG
100%
1989 11 Isiah Thomas 3905 373 DET PG
100%
1988 5 Isiah Thomas 4456 153 DET PG
100%
1987 4 Isiah Thomas 4520 140 DET PG
100%
1986 7 Isiah Thomas 3973 337 DET PG
100%
1985 3 Isiah Thomas 5030 49 DET PG
100%
1984 3 Isiah Thomas 4395 169 DET PG
100%
1983 5 Isiah Thomas 3678 513 DET PG
100%
2024 5 Jalen Brunson 4281 201 NYK PG
100%
2023 20 Jalen Brunson 3294 929 NYK PG
100%
2022 24 Jalen Brunson 3035 1393 DAL SG
100%
2023 19 Jamal Murray 3391 787 DEN PG
100%
2019 34 Jamal Murray 3011 1439 DEN PG
100%
2024 23 James Harden 3185 1097 LAC PG
100%
2023 18 James Harden 3405 767 PHI PG
100%
2022 7 James Harden 3898 377 PHI,BRK PG
100%
2020 2 James Harden 4624 116 HOU SG
100%
2019 1 James Harden 5327 30 HOU PG
100%
2018 3 James Harden 4872 69 HOU SG
100%
2017 2 James Harden 5573 13 HOU PG
100%
2016 4 James Harden 4539 133 HOU SG
100%
2015 1 James Harden 4870 70 HOU SG
100%
2014 9 James Harden 3503 665 HOU SG
100%
2013 5 James Harden 3762 446 HOU SG
100%
2023 22 Ja Morant 3258 991 MEM PG
100%
2022 16 Ja Morant 3259 988 MEM PG
100%
2024 20 Jaylen Brown 3341 859 BOS SF
100%
2023 13 Jaylen Brown 3538 635 BOS SF
100%
2022 12 Jaylen Brown 3440 732 BOS SF
100%
2024 3 Jayson Tatum 4364 174 BOS PF
100%
2023 2 Jayson Tatum 4692 104 BOS SF
100%
2022 2 Jayson Tatum 4569 124 BOS SF
100%
2021 14 Jayson Tatum 3133 1181 BOS SF
100%
2020 9 Jayson Tatum 3371 811 BOS PF
100%
1973 7 Jerry West 3819 421 LAL PG
100%
1972 3 Jerry West 4491 147 LAL PG
100%
1971 11 Jerry West 3489 680 LAL PG
100%
1970 2 Jerry West 4685 108 LAL PG
100%
1969 12 Jerry West 3585 590 LAL SG
100%
1967 13 Jerry West 3179 1104 LAL PG
100%
1966 3 Jerry West 4723 97 LAL SG
100%
1965 4 Jerry West 4093 268 LAL PG
100%
1964 7 Jerry West 3529 644 LAL PG
100%
1963 10 Jerry West 3077 1299 LAL PG
100%
1962 6 Jerry West 4316 190 LAL PG
100%
1961 13 Jerry West 3171 1115 LAL SG
100%
2023 7 Jimmy Butler 3794 433 MIA PF
100%
2022 20 Jimmy Butler 3093 1270 MIA SF
100%
2020 11 Jimmy Butler 3290 937 MIA SF
100%
2017 13 Jimmy Butler 3542 628 CHI SF
100%
2023 5 Joel Embiid 3959 342 PHI C
100%
2022 6 Joel Embiid 4016 309 PHI C
100%
2019 11 Joel Embiid 3712 489 PHI C
100%
2018 22 Joel Embiid 3025 1417 PHI C
100%
2017 4 John Wall 4705 100 WAS PG
100%
2016 9 John Wall 3692 500 WAS PG
100%
2015 5 John Wall 3861 394 WAS PG
100%
2014 5 John Wall 3952 349 WAS PG
100%
2022 22 Jrue Holiday 3057 1333 MIL PG
100%
2021 13 Jrue Holiday 3138 1166 MIL PG
100%
2018 10 Jrue Holiday 3454 715 NOP SG
100%
2013 17 Jrue Holiday 3117 1222 PHI PG
100%
1985 28 Julius Erving 3112 1233 PHI SF
100%
1984 20 Julius Erving 3344 854 PHI SF
100%
1983 14 Julius Erving 3270 974 PHI SF
100%
1982 2 Julius Erving 4360 176 PHI SF
100%
1981 3 Julius Erving 4371 173 PHI SF
100%
1980 2 Julius Erving 4503 142 PHI SF
100%
1979 8 Julius Erving 3754 453 PHI SF
100%
1978 19 Julius Erving 3227 1032 PHI SF
100%
1977 2 Julius Erving 4223 218 PHI SF
100%
2022 10 Karl-Anthony Towns 3500 669 MIN C
100%
2019 14 Karl-Anthony Towns 3544 625 MIN C
100%
2018 8 Karl-Anthony Towns 3504 664 MIN C
100%
2017 9 Karl-Anthony Towns 3667 524 MIN C
100%
2020 10 Kawhi Leonard 3314 890 LAC SF
100%
2019 10 Kawhi Leonard 3758 450 TOR SF
100%
2017 11 Kawhi Leonard 3587 587 SAS SF
100%
2024 14 Kevin Durant 3610 574 PHO PF
100%
2022 21 Kevin Durant 3092 1275 BRK PF
100%
2019 6 Kevin Durant 4159 242 GSW SF
100%
2018 4 Kevin Durant 4166 240 GSW SF
100%
2017 14 Kevin Durant 3540 634 GSW PF
100%
2016 5 Kevin Durant 4289 196 OKC SF
100%
2014 1 Kevin Durant 5170 42 OKC SF
100%
2013 2 Kevin Durant 4491 146 OKC SF
100%
2012 2 Kevin Durant 3923 363 OKC SF
100%
2011 5 Kevin Durant 4043 296 OKC SF
100%
2010 5 Kevin Durant 3988 327 OKC SF
100%
2016 21 Kevin Love 3036 1388 CLE PF
100%
2014 7 Kevin Love 3749 455 MIN PF
100%
2011 22 Kevin Love 3029 1407 MIN PF
100%
2021 8 Khris Middleton 3605 577 MIL SF
100%
2019 28 Khris Middleton 3107 1242 MIL SF
100%
2018 17 Khris Middleton 3141 1157 MIL SF
100%
2019 27 Klay Thompson 3134 1180 GSW SG
100%
2016 14 Klay Thompson 3331 870 GSW SG
100%
2015 14 Klay Thompson 3121 1211 GSW SG
100%
2013 6 Kobe Bryant 3635 560 LAL SG
100%
2012 6 Kobe Bryant 3084 1288 LAL SG
100%
2011 6 Kobe Bryant 3731 475 LAL SG
100%
2010 2 Kobe Bryant 4332 185 LAL SG
100%
2009 2 Kobe Bryant 4714 99 LAL SG
100%
2008 1 Kobe Bryant 4942 59 LAL SG
100%
2007 3 Kobe Bryant 4083 273 LAL SG
100%
2006 4 Kobe Bryant 4476 149 LAL SG
100%
2005 22 Kobe Bryant 3146 1154 LAL SG
100%
2004 3 Kobe Bryant 3650 546 LAL SG
100%
2003 2 Kobe Bryant 4820 76 LAL SG
100%
2002 3 Kobe Bryant 4324 189 LAL SG
100%
2001 4 Kobe Bryant 3988 326 LAL SG
100%
2000 8 Kobe Bryant 3536 638 LAL SG
100%
2019 21 Kyle Lowry 3322 880 TOR PG
100%
2018 15 Kyle Lowry 3281 952 TOR PG
100%
2016 7 Kyle Lowry 3928 361 TOR PG
100%
2014 12 Kyle Lowry 3347 847 TOR PG
100%
2024 21 Kyrie Irving 3301 915 DAL SG
100%
2019 19 Kyrie Irving 3370 814 BOS PG
100%
2017 8 Kyrie Irving 3727 478 CLE PG
100%
2015 11 Kyrie Irving 3199 1074 CLE PG
100%
2019 22 LaMarcus Aldridge 3266 977 SAS C
100%
2018 24 LaMarcus Aldridge 3000 1461 SAS C
100%
2014 13 LaMarcus Aldridge 3317 885 POR PF
100%
2011 16 LaMarcus Aldridge 3198 1076 POR PF
100%
2022 13 LaMelo Ball 3348 846 CHO PG
100%
2024 9 LeBron James 4023 305 LAL PF
100%
2023 10 LeBron James 3727 479 LAL PF
100%
2020 1 LeBron James 4923 63 LAL PG
100%
2018 1 LeBron James 6038 6 CLE PF
100%
2017 3 LeBron James 5116 45 CLE SF
100%
2016 2 LeBron James 4814 77 CLE SF
100%
2015 3 LeBron James 4558 128 CLE SF
100%
2014 2 LeBron James 4671 109 MIA PF
100%
2013 1 LeBron James 5096 46 MIA PF
100%
2012 1 LeBron James 4352 177 MIA SF
100%
2011 1 LeBron James 4962 54 MIA SF
100%
2010 1 LeBron James 4945 58 CLE SF
100%
2009 1 LeBron James 5182 40 CLE SF
100%
2008 2 LeBron James 4845 73 CLE SF
100%
2007 1 LeBron James 4802 82 CLE SF
100%
2006 1 LeBron James 4949 57 CLE SF
100%
2005 3 LeBron James 4146 246 CLE SF
100%
2004 16 LeBron James 3204 1065 CLE SG
100%
2024 1 Luka Doncic 5774 8 DAL PG
100%
2023 6 Luka Doncic 3888 382 DAL PG
100%
2022 3 Luka Doncic 4537 134 DAL PG
100%
2021 4 Luka Doncic 4052 291 DAL PG
100%
2020 5 Luka Doncic 3843 404 DAL PG
100%
2019 31 Luka Doncic 3049 1358 DAL SG
100%
2019 26 Marc Gasol 3139 1164 TOR,MEM C
100%
2015 9 Marc Gasol 3315 888 MEM C
100%
2013 16 Marc Gasol 3131 1188 MEM C
100%
1998 2 Michael Jordan 4563 127 CHI SG
100%
1997 2 Michael Jordan 4770 87 CHI SG
100%
1996 1 Michael Jordan 4788 85 CHI SG
100%
1993 1 Michael Jordan 5279 33 CHI SG
100%
1992 1 Michael Jordan 5360 28 CHI SG
100%
1991 1 Michael Jordan 5268 34 CHI SG
100%
1990 1 Michael Jordan 5616 12 CHI SG
100%
1989 1 Michael Jordan 5909 7 CHI SG
100%
1988 1 Michael Jordan 5240 36 CHI SG
100%
1987 3 Michael Jordan 4763 89 CHI SG
100%
1985 4 Michael Jordan 4297 193 CHI SG
100%
1983 16 Mychal Thompson 3203 1067 POR PF
100%
1982 15 Mychal Thompson 3377 803 POR C
100%
2024 2 Nikola Jokic 5391 25 DEN C
100%
2023 1 Nikola Jokic 5287 32 DEN C
100%
2022 1 Nikola Jokic 4655 112 DEN C
100%
2021 1 Nikola Jokic 4548 130 DEN C
100%
2020 3 Nikola Jokic 4224 217 DEN C
100%
2019 3 Nikola Jokic 4591 118 DEN C
100%
2018 16 Nikola Jokic 3255 996 DEN C
100%
2023 28 Nikola Vucevic 3057 1334 CHI C
100%
2021 15 Nikola Vucevic 3107 1239 CHI,ORL C
100%
2019 15 Nikola Vucevic 3542 631 ORL C
100%
2024 13 Paolo Banchero 3655 540 ORL PF
100%
2024 12 Pascal Siakam 3717 486 IND,TOR PF
100%
2023 21 Pascal Siakam 3261 982 TOR PF
100%
2022 17 Pascal Siakam 3241 1008 TOR PF
100%
2019 20 Pascal Siakam 3323 878 TOR PF
100%
2015 10 Pau Gasol 3283 946 CHI PF
100%
2011 11 Pau Gasol 3407 764 LAL C
100%
2010 11 Pau Gasol 3434 735 LAL C
100%
2009 6 Pau Gasol 3858 397 LAL C
100%
2008 26 Pau Gasol 3115 1228 LAL,MEM C
100%
2006 17 Pau Gasol 3421 747 MEM PF
100%
2021 12 Paul George 3191 1087 LAC SF
100%
2019 8 Paul George 3857 398 OKC SF
100%
2018 18 Paul George 3135 1176 OKC SF
100%
2017 19 Paul George 3129 1197 IND SF
100%
2016 10 Paul George 3599 580 IND SF
100%
2014 6 Paul George 3786 435 IND SF
100%
2013 7 Paul George 3560 613 IND SF
100%
1984 15 Rickey Green 3452 719 UTA PG
100%
2003 23 Ricky Davis 3049 1356 CLE SG
100%
2019 32 Rudy Gobert 3037 1386 UTA C
100%
2023 29 Russell Westbrook 3036 1389 LAC,LAL PG
100%
2022 18 Russell Westbrook 3216 1048 LAL PG
100%
2021 3 Russell Westbrook 4207 227 WAS PG
100%
2020 13 Russell Westbrook 3206 1063 HOU PG
100%
2019 4 Russell Westbrook 4498 144 OKC PG
100%
2018 2 Russell Westbrook 4986 52 OKC PG
100%
2017 1 Russell Westbrook 5632 11 OKC PG
100%
2016 1 Russell Westbrook 5391 24 OKC PG
100%
2015 6 Russell Westbrook 3676 517 OKC PG
100%
2013 4 Russell Westbrook 3809 425 OKC PG
100%
2012 3 Russell Westbrook 3559 614 OKC PG
100%
2011 3 Russell Westbrook 4439 158 OKC PG
100%
2010 12 Russell Westbrook 3411 761 OKC PG
100%
2024 4 Shai Gilgeous-Alexander 4348 180 OKC PG
100%
2023 15 Shai Gilgeous-Alexander 3469 698 OKC PG
100%
2024 25 Stephen Curry 3159 1131 GSW PG
100%
2023 17 Stephen Curry 3405 766 GSW PG
100%
2022 8 Stephen Curry 3893 379 GSW PG
100%
2021 11 Stephen Curry 3277 961 GSW PG
100%
2019 7 Stephen Curry 4121 257 GSW PG
100%
2017 5 Stephen Curry 4408 166 GSW PG
100%
2016 3 Stephen Curry 4811 79 GSW PG
100%
2015 2 Stephen Curry 4667 110 GSW PG
100%
2014 3 Stephen Curry 3998 322 GSW PG
100%
2013 3 Stephen Curry 3859 396 GSW PG
100%
2014 14 Tim Duncan 3173 1111 SAS C
100%
2013 12 Tim Duncan 3241 1007 SAS C
100%
2010 17 Tim Duncan 3203 1068 SAS C
100%
2009 20 Tim Duncan 3122 1209 SAS C
100%
2008 6 Tim Duncan 3785 437 SAS C
100%
2007 2 Tim Duncan 4125 255 SAS C
100%
2006 12 Tim Duncan 3699 495 SAS PF
100%
2005 10 Tim Duncan 3665 528 SAS PF
100%
2004 7 Tim Duncan 3496 672 SAS PF
100%
2003 1 Tim Duncan 5161 43 SAS PF
100%
2002 2 Tim Duncan 4522 136 SAS PF
100%
2001 3 Tim Duncan 4221 219 SAS PF
100%
2000 14 Tim Duncan 3333 866 SAS PF
100%
1998 4 Tim Duncan 3746 458 SAS PF
100%
1998 6 Tim Hardaway 3542 627 MIA PG
100%
1997 5 Tim Hardaway 4124 256 MIA PG
100%
1993 19 Tim Hardaway 3208 1059 GSW PG
100%
1992 6 Tim Hardaway 4178 236 GSW PG
100%
1991 5 Tim Hardaway 4522 138 GSW PG
100%
1990 28 Tim Hardaway 3027 1412 GSW PG
100%
2019 23 Tobias Harris 3246 1003 PHI,LAC PF
100%
2023 3 Trae Young 4082 275 ATL PG
100%
2022 5 Trae Young 4268 205 ATL PG
100%
2021 5 Trae Young 3922 364 ATL PG
100%
2020 12 Trae Young 3226 1034 ATL PG
100%
2019 24 Trae Young 3243 1006 ATL PG
100%
2024 11 Tyrese Haliburton 3967 339 IND PG
100%
2024 17 Tyrese Maxey 3375 805 PHI PG
100%
2018 13 Victor Oladipo 3326 875 IND SG
100%
2024 24 Victor Wembanyama 3167 1122 SAS C
100%
1984 14 Walter Davis 3455 714 PHO SG
100%
1979 11 Walter Davis 3682 511 PHO SF
100%
1978 21 Walter Davis 3208 1060 PHO SF
100%
2023 26 Zach LaVine 3075 1306 CHI SG
100%
2008 5 Allen Iverson 3902 374 DEN SG
80%
2007 16 Allen Iverson 3156 1134 DEN,PHI SG,PG
80%
2006 10 Allen Iverson 3823 416 PHI PG
80%
2005 1 Allen Iverson 4261 208 PHI PG
80%
2003 5 Allen Iverson 4392 170 PHI SG
80%
2002 17 Allen Iverson 3218 1046 PHI SG
80%
2001 2 Allen Iverson 4482 148 PHI SG
80%
2000 9 Allen Iverson 3466 699 PHI SG
80%
1998 14 Allen Iverson 3243 1005 PHI PG
80%
1997 13 Allen Iverson 3414 755 PHI PG
80%
2019 25 Andre Drummond 3238 1012 DET C
80%
2018 19 Andre Drummond 3133 1183 DET C
80%
2009 19 Andre Miller 3133 1184 PHI PG
80%
2008 24 Andre Miller 3119 1215 PHI PG
80%
2006 23 Andre Miller 3131 1191 DEN PG
80%
2002 11 Andre Miller 3638 557 CLE PG
80%
2001 24 Andre Miller 3117 1223 CLE PG
80%
2005 25 Antoine Walker 3030 1402 BOS,ATL PF
80%
2003 16 Antoine Walker 3393 783 BOS PF
80%
2002 5 Antoine Walker 4108 260 BOS PF
80%
2001 10 Antoine Walker 3688 504 BOS PF
80%
2000 22 Antoine Walker 3091 1278 BOS PF
80%
1998 10 Antoine Walker 3424 743 BOS PF
80%
2004 17 Ben Wallace 3196 1080 DET C
80%
2009 14 Brandon Roy 3283 948 POR SG
80%
1996 14 Charles Barkley 3358 831 PHO PF
80%
1995 10 Charles Barkley 3503 666 PHO PF
80%
1994 12 Charles Barkley 3395 780 PHO PF
80%
1993 2 Charles Barkley 5067 47 PHO PF
80%
1992 14 Charles Barkley 3356 834 PHI SF
80%
1991 14 Charles Barkley 3637 559 PHI SF
80%
1990 11 Charles Barkley 4213 224 PHI SF
80%
1989 8 Charles Barkley 4021 306 PHI PF
80%
1988 10 Charles Barkley 3926 362 PHI PF
80%
1987 13 Charles Barkley 3665 531 PHI PF
80%
1986 3 Charles Barkley 4216 223 PHI PF
80%
1967 15 Chet Walker 3107 1240 PHI SF
80%
2011 18 Chris Bosh 3122 1208 MIA PF
80%
2009 23 Chris Bosh 3043 1375 TOR C
80%
1995 6 Clyde Drexler 3912 369 HOU,POR SG
80%
1992 4 Clyde Drexler 4688 105 POR SG
80%
1991 6 Clyde Drexler 4287 198 POR SG
80%
1990 9 Clyde Drexler 4241 211 POR SG
80%
1989 7 Clyde Drexler 4066 283 POR SG
80%
1988 7 Clyde Drexler 4079 276 POR SG
80%
1987 9 Clyde Drexler 3873 385 POR SG
80%
1986 14 Clyde Drexler 3411 762 POR SG
80%
1985 16 Clyde Drexler 3383 797 POR SG
80%
1998 11 David Robinson 3392 784 SAS C
80%
1996 3 David Robinson 4352 178 SAS C
80%
1995 3 David Robinson 4700 103 SAS C
80%
1994 4 David Robinson 4565 126 SAS C
80%
1993 4 David Robinson 4348 181 SAS C
80%
1992 17 David Robinson 3232 1018 SAS C
80%
1991 7 David Robinson 4221 220 SAS C
80%
1990 10 David Robinson 4221 221 SAS C
80%
2017 24 Dennis Schroder 3010 1442 ATL PG
80%
2011 2 Derrick Rose 4520 139 CHI PG
80%
2010 19 Derrick Rose 3161 1130 CHI PG
80%
2009 22 Derrick Rose 3067 1315 CHI PG
80%
2011 8 Dwight Howard 3665 527 ORL C
80%
2010 8 Dwight Howard 3683 508 ORL C
80%
2009 5 Dwight Howard 4235 214 ORL C
80%
2008 8 Dwight Howard 3733 471 ORL C
80%
2007 17 Dwight Howard 3133 1182 ORL C
80%
2019 33 Eric Bledsoe 3019 1426 MIL PG
80%
1970 17 Flynn Robinson 3177 1106 MIL PG
80%
1974 20 Fred Carter 3059 1330 PHI SG
80%
2001 16 Glenn Robinson 3473 695 MIL SF
80%
1997 6 Hakeem Olajuwon 4014 310 HOU C
80%
1996 7 Hakeem Olajuwon 3900 376 HOU C
80%
1995 1 Hakeem Olajuwon 4901 65 HOU C
80%
1994 1 Hakeem Olajuwon 5384 26 HOU C
80%
1993 3 Hakeem Olajuwon 4952 55 HOU C
80%
1992 26 Hakeem Olajuwon 3100 1258 HOU C
80%
1990 6 Hakeem Olajuwon 4331 186 HOU C
80%
1989 5 Hakeem Olajuwon 4130 252 HOU C
80%
1988 11 Hakeem Olajuwon 3717 484 HOU C
80%
1987 7 Hakeem Olajuwon 3958 344 HOU C
80%
1986 6 Hakeem Olajuwon 3977 336 HOU C
80%
1985 15 Hakeem Olajuwon 3412 757 HOU C
80%
1992 15 Horace Grant 3259 987 CHI PF
80%
2003 21 Jalen Rose 3052 1346 CHI SF
80%
2000 12 Jalen Rose 3380 800 IND SF
80%
2011 19 Jason Kidd 3100 1256 DAL PG
80%
2010 20 Jason Kidd 3085 1287 DAL PG
80%
2009 18 Jason Kidd 3149 1147 DAL PG
80%
2008 14 Jason Kidd 3390 789 DAL,NJN PG
80%
2007 6 Jason Kidd 3913 367 NJN PG
80%
2006 13 Jason Kidd 3615 572 NJN PG
80%
2004 13 Jason Kidd 3277 962 NJN PG
80%
2003 4 Jason Kidd 4547 131 NJN PG
80%
2002 1 Jason Kidd 4575 120 NJN PG
80%
2001 11 Jason Kidd 3683 510 PHO PG
80%
2000 18 Jason Kidd 3177 1107 PHO PG
80%
1998 13 Jason Kidd 3302 910 PHO PG
80%
1996 11 Jason Kidd 3668 522 DAL PG
80%
2017 18 Jeff Teague 3132 1186 IND PG
80%
2015 15 Jeff Teague 3093 1269 ATL PG
80%
2004 8 Jermaine O'Neal 3465 703 IND PF
80%
2003 19 Jermaine O'Neal 3221 1041 IND PF
80%
2023 9 Julius Randle 3734 470 NYK PF
80%
2021 10 Julius Randle 3562 610 NYK PF
80%
1997 26 Juwan Howard 3048 1361 WSB SF
80%
1996 15 Juwan Howard 3275 968 WSB PF
80%
2003 15 Karl Malone 3402 774 UTA PF
80%
2002 12 Karl Malone 3521 651 UTA PF
80%
2001 13 Karl Malone 3649 547 UTA PF
80%
2000 3 Karl Malone 4069 282 UTA PF
80%
1998 1 Karl Malone 4743 92 UTA PF
80%
1997 1 Karl Malone 4858 71 UTA PF
80%
1996 2 Karl Malone 4659 111 UTA PF
80%
1995 4 Karl Malone 4106 261 UTA PF
80%
1994 2 Karl Malone 4686 106 UTA PF
80%
1993 6 Karl Malone 4161 241 UTA PF
80%
1992 5 Karl Malone 4593 117 UTA PF
80%
1991 4 Karl Malone 4522 137 UTA PF
80%
1990 8 Karl Malone 4289 197 UTA PF
80%
1989 9 Karl Malone 3984 330 UTA PF
80%
1988 6 Karl Malone 4330 187 UTA PF
80%
1987 23 Karl Malone 3289 938 UTA PF
80%
2019 13 Kemba Walker 3567 602 CHO PG
80%
2018 23 Kemba Walker 3021 1422 CHO PG
80%
2017 21 Kemba Walker 3113 1230 CHO PG
80%
2016 15 Kemba Walker 3302 911 CHO PG
80%
2008 9 Kevin Garnett 3711 490 BOS PF
80%
2007 9 Kevin Garnett 3520 652 MIN PF
80%
2006 16 Kevin Garnett 3449 725 MIN PF
80%
2005 4 Kevin Garnett 4090 270 MIN PF
80%
2004 1 Kevin Garnett 5192 39 MIN PF
80%
2003 3 Kevin Garnett 4555 129 MIN PF
80%
2002 8 Kevin Garnett 3929 360 MIN PF
80%
2001 5 Kevin Garnett 3939 356 MIN PF
80%
2000 4 Kevin Garnett 4057 289 MIN PF
80%
1998 9 Kevin Garnett 3472 697 MIN PF
80%
1991 22 Larry Bird 3090 1280 BOS SF
80%
1990 13 Larry Bird 4089 271 BOS SF
80%
1988 3 Larry Bird 4941 61 BOS SF
80%
1987 2 Larry Bird 5324 31 BOS SF
80%
1986 1 Larry Bird 5229 37 BOS SF
80%
1985 1 Larry Bird 5411 23 BOS SF
80%
1984 1 Larry Bird 5194 38 BOS PF
80%
1983 4 Larry Bird 4168 239 BOS PF
80%
1982 4 Larry Bird 4239 213 BOS PF
80%
1981 2 Larry Bird 4635 113 BOS PF
80%
1980 5 Larry Bird 3932 359 BOS PF
80%
1991 2 Magic Johnson 5250 35 LAL PG
80%
1990 2 Magic Johnson 4793 83 LAL PG
80%
1989 2 Magic Johnson 5174 41 LAL PG
80%
1988 2 Magic Johnson 4951 56 LAL PG
80%
1987 1 Magic Johnson 5548 17 LAL PG
80%
1986 2 Magic Johnson 4575 121 LAL PG
80%
1985 2 Magic Johnson 5037 48 LAL PG
80%
1984 2 Magic Johnson 4769 88 LAL PG
80%
1983 1 Magic Johnson 4716 98 LAL SG
80%
1982 1 Magic Johnson 4630 114 LAL SG
80%
1980 3 Magic Johnson 4155 244 LAL SG
80%
2008 25 Manu Ginobili 3118 1219 SAS SG
80%
2005 23 Manu Ginobili 3077 1302 SAS SG
80%
2013 15 Mike Conley 3136 1170 MEM PG
80%
2011 23 Mike Conley 3002 1455 MEM PG
80%
1989 22 Moses Malone 3190 1091 ATL C
80%
1988 30 Moses Malone 3016 1430 WSB C
80%
1987 31 Moses Malone 3088 1284 WSB C
80%
1985 6 Moses Malone 3909 371 PHI C
80%
1984 23 Moses Malone 3136 1174 PHI C
80%
1983 3 Moses Malone 4178 234 PHI C
80%
1982 3 Moses Malone 4340 182 HOU C
80%
1981 1 Moses Malone 4901 66 HOU C
80%
1980 4 Moses Malone 4102 264 HOU C
80%
1979 3 Moses Malone 4070 281 HOU C
80%
1977 20 Moses Malone 3057 1332 HOU,BUF C
80%
1974 23 Neal Walk 3010 1441 PHO C
80%
1973 20 Neal Walk 3215 1050 PHO C
80%
2009 13 Paul Pierce 3291 935 BOS SF
80%
2008 7 Paul Pierce 3758 449 BOS SF
80%
2006 15 Paul Pierce 3537 637 BOS SF
80%
2005 14 Paul Pierce 3477 691 BOS SF
80%
2004 6 Paul Pierce 3508 662 BOS SG
80%
2003 8 Paul Pierce 4049 294 BOS SG
80%
2002 4 Paul Pierce 4182 232 BOS SG
80%
2001 22 Paul Pierce 3306 901 BOS SF
80%
2016 17 Rajon Rondo 3123 1204 SAC PG
80%
2012 4 Rajon Rondo 3183 1098 BOS PG
80%
2011 20 Rajon Rondo 3059 1329 BOS PG
80%
2010 3 Rajon Rondo 4266 206 BOS PG
80%
2009 8 Rajon Rondo 3531 643 BOS PG
80%
2005 20 Ray Allen 3323 879 SEA SG
80%
2001 6 Ray Allen 3902 375 MIL SG
80%
2000 23 Ray Allen 3090 1281 MIL SG
80%
1991 23 Reggie Miller 3082 1291 IND SG
80%
1990 24 Reggie Miller 3150 1144 IND SG
80%
2000 25 Scottie Pippen 3035 1394 POR SF
80%
1997 7 Scottie Pippen 4004 316 CHI SF
80%
1996 8 Scottie Pippen 3821 420 CHI SF
80%
1995 8 Scottie Pippen 3874 384 CHI SF
80%
1994 9 Scottie Pippen 3725 482 CHI SF
80%
1993 5 Scottie Pippen 4172 238 CHI SF
80%
1992 3 Scottie Pippen 4723 96 CHI SF
80%
1991 8 Scottie Pippen 4142 248 CHI SF
80%
1990 15 Scottie Pippen 3711 491 CHI SF
80%
2005 15 Shaquille O'Neal 3464 705 MIA C
80%
2004 2 Shaquille O'Neal 3742 460 LAL C
80%
2003 9 Shaquille O'Neal 3823 415 LAL C
80%
2002 6 Shaquille O'Neal 4061 284 LAL C
80%
2001 1 Shaquille O'Neal 4751 91 LAL C
80%
2000 1 Shaquille O'Neal 5567 14 LAL C
80%
1998 8 Shaquille O'Neal 3492 678 LAL C
80%
1996 20 Shaquille O'Neal 3053 1343 ORL C
80%
1995 2 Shaquille O'Neal 4896 67 ORL C
80%
1994 6 Shaquille O'Neal 4273 204 ORL C
80%
1993 10 Shaquille O'Neal 3665 529 ORL C
80%
2011 17 Steve Nash 3128 1199 PHO PG
80%
2010 4 Steve Nash 4102 263 PHO PG
80%
2008 10 Steve Nash 3683 509 PHO PG
80%
2007 4 Steve Nash 4052 292 PHO PG
80%
2006 5 Steve Nash 4448 157 PHO PG
80%
2005 6 Steve Nash 4003 319 PHO PG
80%
2003 12 Steve Nash 3676 519 DAL PG
80%
2002 14 Steve Nash 3377 802 DAL PG
80%
2013 9 Tony Parker 3416 753 SAS PG
80%
2009 21 Tony Parker 3106 1243 SAS PG
80%
2008 28 Tony Parker 3068 1314 SAS PG
80%
2007 13 Tony Parker 3341 858 SAS PG
80%
2006 20 Tony Parker 3213 1052 SAS PG
80%
2005 17 Tony Parker 3394 781 SAS PG
80%
2003 25 Tony Parker 3037 1385 SAS PG
80%
2007 10 Tracy McGrady 3500 670 HOU SG
80%
2005 7 Tracy McGrady 3952 350 HOU SF
80%
2004 19 Tracy McGrady 3155 1136 ORL SG
80%
2003 6 Tracy McGrady 4255 210 ORL SG
80%
2002 10 Tracy McGrady 3738 466 ORL SG
80%
2001 7 Tracy McGrady 3822 418 ORL SG
80%
1981 19 Truck Robinson 3032 1397 PHO PF
80%
1978 7 Truck Robinson 3644 550 NOJ PF
80%
2007 5 Vince Carter 3956 346 NJN SG
80%
2006 11 Vince Carter 3741 462 NJN SG
80%
2005 21 Vince Carter 3294 930 NJN,TOR SF,SG
80%
2001 8 Vince Carter 3821 419 TOR SF
80%
2000 7 Vince Carter 3550 620 TOR SF
80%
1979 15 Alvan Adams 3340 860 PHO C
60%
1976 4 Alvan Adams 4155 245 PHO C
60%
1988 12 Alvin Robertson 3687 506 SAS SG
60%
1986 19 Alvin Robertson 3232 1020 SAS SG
60%
2011 13 Amar'e Stoudemire 3339 861 NYK C
60%
2010 10 Amar'e Stoudemire 3459 709 PHO PF
60%
2008 16 Amar'e Stoudemire 3355 836 PHO C
60%
2007 15 Amar'e Stoudemire 3231 1024 PHO C
60%
2005 8 Amar'e Stoudemire 3947 351 PHO C
60%
1996 13 Avery Johnson 3363 822 SAS PG
60%
1995 16 Avery Johnson 3302 912 SAS PG
60%
1962 12 Bob Cousy 3138 1165 BOS PG
60%
1961 12 Bob Cousy 3275 967 BOS PG
60%
1960 6 Bob Cousy 3716 487 BOS PG
60%
1959 5 Bob Cousy 3298 922 BOS PG
60%
1957 4 Bob Cousy 3033 1395 BOS PG
60%
1956 3 Bob Cousy 3287 940 BOS PG
60%
1955 1 Bob Cousy 3367 817 BOS PG
60%
1954 2 Bob Cousy 3047 1362 BOS PG
60%
1953 2 Bob Cousy 3202 1070 BOS PG
60%
1964 3 Bob Pettit 4424 159 STL PF
60%
1963 5 Bob Pettit 4504 141 STL PF
60%
1962 4 Bob Pettit 4466 150 STL PF
60%
1961 3 Bob Pettit 4814 78 STL PF
60%
1960 3 Bob Pettit 4307 192 STL PF
60%
1959 1 Bob Pettit 3999 321 STL PF
60%
1958 1 Bob Pettit 3736 468 STL PF
60%
1957 1 Bob Pettit 3574 596 STL C
60%
1956 1 Bob Pettit 3664 532 STL C
60%
1985 27 Buck Williams 3119 1217 NJN PF
60%
1984 24 Buck Williams 3130 1195 NJN PF
60%
1992 11 Chris Mullin 3445 727 GSW SF
60%
1991 11 Chris Mullin 3765 445 GSW SF
60%
1990 23 Chris Mullin 3225 1038 GSW SF
60%
1989 6 Chris Mullin 4083 274 GSW SF
60%
2003 13 Chris Webber 3460 707 SAC PF
60%
2002 16 Chris Webber 3291 936 SAC PF
60%
2001 9 Chris Webber 3819 422 SAC PF
60%
2000 5 Chris Webber 3801 428 SAC PF
60%
1998 19 Chris Webber 3010 1440 WAS C
60%
1997 20 Chris Webber 3209 1057 WSB PF
60%
1989 19 Dale Ellis 3300 917 SEA SG
60%
1987 14 Dale Ellis 3633 562 SEA SG
60%
1997 9 Damon Stoudamire 3518 658 TOR PG
60%
1996 21 Damon Stoudamire 3035 1392 TOR PG
60%
1988 22 Dennis Johnson 3186 1096 BOS PG
60%
1987 15 Dennis Johnson 3596 582 BOS PG
60%
1986 21 Dennis Johnson 3163 1126 BOS PG
60%
1985 9 Dennis Johnson 3588 585 BOS PG
60%
1982 18 Dennis Johnson 3139 1163 PHO SG
60%
1980 13 Dennis Johnson 3316 887 SEA SG
60%
1979 23 Dennis Johnson 3053 1344 SEA SG
60%
2013 10 Deron Williams 3316 886 BRK PG
60%
2010 7 Deron Williams 3918 366 UTA PG
60%
2009 12 Deron Williams 3299 918 UTA PG
60%
2008 4 Deron Williams 4178 235 UTA PG
60%
2007 7 Deron Williams 3867 389 UTA PG
60%
1994 20 Dikembe Mutombo 3028 1409 DEN C
60%
1984 28 Eddie Johnson 3027 1413 KCK SF
60%
2004 22 Gary Payton 3056 1337 LAL PG
60%
2003 11 Gary Payton 3689 502 MIL,SEA PG
60%
2002 7 Gary Payton 4059 288 SEA PG
60%
2001 14 Gary Payton 3621 567 SEA PG
60%
2000 2 Gary Payton 4397 168 SEA PG
60%
1998 3 Gary Payton 3941 353 SEA PG
60%
1997 4 Gary Payton 4127 254 SEA PG
60%
1996 4 Gary Payton 4240 212 SEA PG
60%
1995 11 Gary Payton 3481 687 SEA PG
60%
2007 12 Gilbert Arenas 3481 688 WAS PG
60%
2006 6 Gilbert Arenas 4098 265 WAS PG
60%
2005 9 Gilbert Arenas 3839 405 WAS PG
60%
2003 22 Gilbert Arenas 3052 1348 GSW PG
60%
1971 25 Gus Johnson 3031 1400 BAL PF
60%
1970 16 Gus Johnson 3194 1084 BAL PF
60%
1965 8 Gus Johnson 3280 955 BAL SF
60%
1985 20 Gus Williams 3325 877 WSB PG
60%
1984 12 Gus Williams 3519 656 SEA PG
60%
1983 11 Gus Williams 3392 785 SEA PG
60%
1982 7 Gus Williams 3809 426 SEA PG
60%
1980 7 Gus Williams 3746 459 SEA PG
60%
1979 20 Gus Williams 3198 1077 SEA PG
60%
1978 20 Gus Williams 3223 1039 SEA PG
60%
1991 16 James Worthy 3328 873 LAL SF
60%
1990 22 James Worthy 3226 1036 LAL SF
60%
1989 15 James Worthy 3477 692 LAL SF
60%
1988 20 James Worthy 3466 702 LAL SF
60%
1987 20 James Worthy 3405 768 LAL SF
60%
1985 29 James Worthy 3093 1274 LAL SF
60%
2010 18 Joe Johnson 3173 1114 ATL SG
60%
2009 10 Joe Johnson 3368 816 ATL SG
60%
2008 13 Joe Johnson 3421 746 ATL SG
60%
2006 21 Joe Johnson 3194 1085 ATL SG
60%
2002 19 John Stockton 3047 1363 UTA PG
60%
2000 20 John Stockton 3132 1187 UTA PG
60%
1997 3 John Stockton 4132 251 UTA PG
60%
1996 5 John Stockton 4105 262 UTA PG
60%
1995 7 John Stockton 3911 370 UTA PG
60%
1994 5 John Stockton 4409 165 UTA PG
60%
1993 8 John Stockton 3870 386 UTA PG
60%
1992 2 John Stockton 4842 74 UTA PG
60%
1991 3 John Stockton 4704 101 UTA PG
60%
1990 7 John Stockton 4291 194 UTA PG
60%
1989 4 John Stockton 4351 179 UTA PG
60%
1988 4 John Stockton 4581 119 UTA PG
60%
1977 10 Jo Jo White 3483 685 BOS PG
60%
1976 9 Jo Jo White 3581 592 BOS PG
60%
1975 14 Jo Jo White 3292 934 BOS PG
60%
1974 10 Jo Jo White 3451 721 BOS PG
60%
1973 14 Jo Jo White 3561 612 BOS PG
60%
1972 16 Jo Jo White 3536 639 BOS PG
60%
2013 19 Josh Smith 3041 1380 ATL PF
60%
2011 21 Josh Smith 3051 1350 ATL PF
60%
2010 15 Josh Smith 3304 906 ATL PF
60%
2008 22 Josh Smith 3182 1101 ATL PF
60%
1987 32 Kareem Abdul-Jabbar 3024 1420 LAL C
60%
1986 10 Kareem Abdul-Jabbar 3663 535 LAL C
60%
1985 7 Kareem Abdul-Jabbar 3861 395 LAL C
60%
1984 7 Kareem Abdul-Jabbar 3825 413 LAL C
60%
1983 6 Kareem Abdul-Jabbar 3622 565 LAL C
60%
1982 8 Kareem Abdul-Jabbar 3762 447 LAL C
60%
1981 4 Kareem Abdul-Jabbar 3912 368 LAL C
60%
1980 1 Kareem Abdul-Jabbar 4850 72 LAL C
60%
1979 1 Kareem Abdul-Jabbar 4628 115 LAL C
60%
1978 13 Kareem Abdul-Jabbar 3385 793 LAL C
60%
1977 1 Kareem Abdul-Jabbar 4965 53 LAL C
60%
1976 1 Kareem Abdul-Jabbar 4941 60 LAL C
60%
1975 6 Kareem Abdul-Jabbar 3666 525 MIL C
60%
1974 1 Kareem Abdul-Jabbar 5519 19 MIL C
60%
1973 2 Kareem Abdul-Jabbar 4542 132 MIL C
60%
1972 1 Kareem Abdul-Jabbar 5536 18 MIL C
60%
1971 1 Kareem Abdul-Jabbar 5131 44 MIL C
60%
1970 1 Kareem Abdul-Jabbar 4827 75 MIL C
60%
1997 18 Kevin Johnson 3262 980 PHO PG
60%
1994 11 Kevin Johnson 3420 748 PHO PG
60%
1992 7 Kevin Johnson 4061 285 PHO PG
60%
1991 10 Kevin Johnson 3862 393 PHO PG
60%
1990 4 Kevin Johnson 4494 145 PHO PG
60%
1989 3 Kevin Johnson 4785 86 PHO PG
60%
1996 18 Larry Johnson 3151 1143 CHH PF
60%
1995 19 Larry Johnson 3088 1283 CHH PF
60%
1993 9 Larry Johnson 3767 444 CHH PF
60%
1992 19 Larry Johnson 3191 1089 CHH PF
60%
1998 18 Mark Jackson 3021 1421 IND PG
60%
1997 21 Mark Jackson 3186 1095 DEN,IND PG
60%
1993 14 Mark Jackson 3355 835 LAC PG
60%
1992 29 Mark Jackson 3043 1376 NYK PG
60%
1989 18 Mark Jackson 3302 913 NYK PG
60%
1988 18 Mark Jackson 3621 568 NYK PG
60%
1984 19 Marques Johnson 3347 849 MIL SF
60%
1983 9 Marques Johnson 3519 654 MIL SF
60%
1981 12 Marques Johnson 3231 1022 MIL SF
60%
1980 18 Marques Johnson 3191 1088 MIL SF
60%
1979 19 Marques Johnson 3231 1028 MIL SF
60%
1978 12 Marques Johnson 3396 778 MIL SF
60%
1992 28 Michael Adams 3060 1327 WSB PG
60%
1991 15 Michael Adams 3547 622 DEN PG
60%
1992 23 Micheal Williams 3134 1178 IND PG
60%
1980 17 Mickey Johnson 3200 1072 IND PF
60%
2014 15 Monta Ellis 3171 1116 DAL SG
60%
2013 14 Monta Ellis 3215 1049 MIL SG
60%
2011 14 Monta Ellis 3301 914 GSW SG
60%
1971 6 Oscar Robertson 3941 354 MIL PG
60%
1970 13 Oscar Robertson 3286 943 CIN PG
60%
1969 5 Oscar Robertson 4001 320 CIN PG
60%
1968 9 Oscar Robertson 3553 618 CIN PG
60%
1967 3 Oscar Robertson 4793 84 CIN PG
60%
1966 2 Oscar Robertson 4933 62 CIN PG
60%
1965 2 Oscar Robertson 4902 64 CIN PG
60%
1964 2 Oscar Robertson 5549 16 CIN PG
60%
1963 2 Oscar Robertson 5368 27 CIN PG
60%
1962 2 Oscar Robertson 5462 21 CIN PG
60%
1961 5 Oscar Robertson 4261 209 CIN PG
60%
1997 10 Patrick Ewing 3512 661 NYK C
60%
1996 12 Patrick Ewing 3402 772 NYK C
60%
1995 9 Patrick Ewing 3804 427 NYK C
60%
1994 3 Patrick Ewing 4567 125 NYK C
60%
1993 7 Patrick Ewing 4142 247 NYK C
60%
1992 8 Patrick Ewing 4033 300 NYK C
60%
1991 9 Patrick Ewing 3983 331 NYK C
60%
1990 3 Patrick Ewing 4503 143 NYK C
60%
1989 12 Patrick Ewing 3665 530 NYK C
60%
1988 26 Patrick Ewing 3093 1273 NYK C
60%
2016 16 Paul Millsap 3284 945 ATL PF
60%
1976 11 Phil Smith 3387 791 GSW SG
60%
1978 11 Randy Smith 3430 741 BUF SG
60%
1977 16 Randy Smith 3221 1040 BUF SG
60%
1976 7 Randy Smith 3752 454 BUF SG
60%
1975 15 Randy Smith 3281 953 BUF SG
60%
1982 16 Ray Williams 3295 926 NJN SG
60%
1981 18 Ray Williams 3040 1381 NYK PG
60%
1980 12 Ray Williams 3341 857 NYK PG
60%
1973 4 Wilt Chamberlain 4020 307 LAL C
60%
1972 4 Wilt Chamberlain 4076 278 LAL C
60%
1971 2 Wilt Chamberlain 4461 151 LAL C
60%
1969 1 Wilt Chamberlain 4894 68 LAL C
60%
1968 1 Wilt Chamberlain 6147 4 PHI C
60%
1967 1 Wilt Chamberlain 6206 3 PHI C
60%
1966 1 Wilt Chamberlain 5741 9 PHI C
60%
1965 1 Wilt Chamberlain 5424 22 PHI,SFW C
60%
1964 1 Wilt Chamberlain 6337 2 SFW C
60%
1963 1 Wilt Chamberlain 6082 5 SFW C
60%
1962 1 Wilt Chamberlain 7278 1 PHW C
60%
1961 1 Wilt Chamberlain 5670 10 PHW C
60%
1960 1 Wilt Chamberlain 5553 15 PHW C
60%
2009 24 Yao Ming 3014 1433 HOU C
60%
2011 12 Zach Randolph 3348 845 MEM PF
60%
2010 22 Zach Randolph 3043 1374 MEM PF
60%
1986 18 Adrian Dantley 3258 990 UTA SF
40%
1984 4 Adrian Dantley 4091 269 UTA SF
40%
1982 10 Adrian Dantley 3728 477 UTA SF
40%
1981 5 Adrian Dantley 3732 474 UTA SF
40%
1978 25 Adrian Dantley 3071 1309 LAL,IND SF
40%
1989 16 Alex English 3459 710 DEN SF
40%
1988 16 Alex English 3652 544 DEN SF
40%
1987 11 Alex English 3717 485 DEN SF
40%
1986 5 Alex English 3981 332 DEN SF
40%
1985 5 Alex English 4218 222 DEN SF
40%
1984 6 Alex English 3867 387 DEN SF
40%
1983 2 Alex English 4283 199 DEN SF
40%
1982 6 Alex English 3834 408 DEN SF
40%
1981 10 Alex English 3361 826 DEN SF
40%
2008 29 Al Jefferson 3064 1320 MIN C
40%
2000 10 Alonzo Mourning 3430 740 MIA C
40%
1996 22 Alonzo Mourning 3012 1435 MIA C
40%
1995 20 Alonzo Mourning 3079 1296 CHH C
40%
1993 17 Alonzo Mourning 3260 983 CHH C
40%
2010 21 Andre Iguodala 3070 1310 PHI SF
40%
2009 11 Andre Iguodala 3305 903 PHI SF
40%
2008 20 Andre Iguodala 3260 985 PHI SF
40%
2008 27 Antawn Jamison 3076 1305 WAS PF
40%
2006 27 Antawn Jamison 3069 1312 WAS SF
40%
2001 23 Antawn Jamison 3229 1031 GSW SF
40%
1997 27 Anthony Mason 3047 1365 CHH PF
40%
1996 23 Anthony Mason 3009 1444 NYK SF
40%
1985 31 Artis Gilmore 3031 1401 SAS C
40%
1983 13 Artis Gilmore 3352 838 SAS C
40%
1981 14 Artis Gilmore 3108 1238 CHI C
40%
1979 9 Artis Gilmore 3737 467 CHI C
40%
1978 6 Artis Gilmore 3699 494 CHI C
40%
1977 12 Artis Gilmore 3360 830 CHI C
40%
2007 24 Ben Gordon 3012 1436 CHI SG
40%
1977 6 Bill Walton 3836 407 POR C
40%
1993 18 Brad Daugherty 3239 1009 CLE C
40%
1992 10 Brad Daugherty 3677 515 CLE C
40%
1991 21 Brad Daugherty 3101 1254 CLE C
40%
1989 27 Brad Daugherty 3002 1456 CLE C
40%
1988 27 Brad Daugherty 3081 1293 CLE C
40%
2010 13 Carlos Boozer 3407 765 UTA PF
40%
2008 12 Carlos Boozer 3574 597 UTA PF
40%
2007 8 Carlos Boozer 3678 514 UTA PF
40%
1994 14 Charles Oakley 3277 963 NYK PF
40%
1987 29 Charles Oakley 3102 1252 CHI PF
40%
2009 9 Chauncey Billups 3395 779 DEN,DET PG
40%
2008 23 Chauncey Billups 3176 1110 DET PG
40%
2007 20 Chauncey Billups 3086 1286 DET PG
40%
2006 9 Chauncey Billups 3866 391 DET PG
40%
2005 12 Chauncey Billups 3534 641 DET PG
40%
2004 10 Chauncey Billups 3331 869 DET PG
40%
1997 24 Christian Laettner 3136 1175 ATL PF
40%
1970 5 Connie Hawkins 3980 334 PHO SF
40%
1995 14 Dana Barros 3351 839 PHI PG
40%
1993 15 Dan Majerle 3311 897 PHO SG
40%
1993 23 Danny Manning 3098 1262 LAC PF
40%
1992 22 Danny Manning 3148 1150 LAC PF
40%
2013 18 David Lee 3064 1318 GSW PF
40%
2010 14 David Lee 3304 905 NYK C
40%
1991 26 Derek Harper 3009 1445 DAL PG
40%
1990 20 Derek Harper 3264 978 DAL PG
40%
1988 15 Derek Harper 3662 536 DAL PG
40%
1994 13 Derrick Coleman 3345 851 NJN PF
40%
1993 13 Derrick Coleman 3460 708 NJN PF
40%
1993 11 Detlef Schrempf 3601 579 IND PF
40%
1993 16 Dominique Wilkins 3282 951 ATL SF
40%
1991 12 Dominique Wilkins 3727 480 ATL SF
40%
1990 21 Dominique Wilkins 3232 1021 ATL SF
40%
1989 17 Dominique Wilkins 3452 720 ATL SF
40%
1988 8 Dominique Wilkins 4038 298 ATL SF
40%
1987 10 Dominique Wilkins 3863 392 ATL SF
40%
1986 8 Dominique Wilkins 3955 348 ATL SF
40%
1985 17 Dominique Wilkins 3363 823 ATL SF
40%
1970 18 Elgin Baylor 3116 1225 LAL SF
40%
1969 3 Elgin Baylor 4093 267 LAL SF
40%
1968 2 Elgin Baylor 4419 160 LAL SF
40%
1967 10 Elgin Baylor 3318 882 LAL SF
40%
1965 6 Elgin Baylor 3521 650 LAL SF
40%
1964 5 Elgin Baylor 3848 402 LAL SF
40%
1963 3 Elgin Baylor 5354 29 LAL SF
40%
1962 7 Elgin Baylor 3998 323 LAL SF
40%
1961 2 Elgin Baylor 5477 20 LAL SF
40%
1960 4 Elgin Baylor 4200 230 MNL SF
40%
1959 2 Elgin Baylor 3939 355 MNL SF
40%
2007 18 Elton Brand 3112 1231 LAC PF
40%
2006 8 Elton Brand 4007 314 LAC PF
40%
2005 24 Elton Brand 3039 1383 LAC PF
40%
2002 20 Elton Brand 3003 1453 LAC PF
40%
1980 11 Elvin Hayes 3342 856 WSB PF
40%
1979 2 Elvin Hayes 4172 237 WSB PF
40%
1978 2 Elvin Hayes 4132 250 WSB PF
40%
1977 4 Elvin Hayes 3971 338 WSB PF
40%
1976 12 Elvin Hayes 3292 933 WSB PF
40%
1975 3 Elvin Hayes 4407 167 WSB PF
40%
1974 5 Elvin Hayes 4204 228 CAP PF
40%
1973 17 Elvin Hayes 3344 852 BAL PF
40%
1972 6 Elvin Hayes 3800 430 HOU C
40%
1971 4 Elvin Hayes 4084 272 SDR C
40%
1970 7 Elvin Hayes 3966 340 SDR C
40%
1969 2 Elvin Hayes 4207 226 SDR C
40%
1974 9 Gail Goodrich 3500 668 LAL SG
40%
1973 18 Gail Goodrich 3276 965 LAL SG
40%
1972 12 Gail Goodrich 3647 548 LAL SG
40%
1970 11 Gail Goodrich 3424 744 PHO PG
40%
1969 13 Gail Goodrich 3404 770 PHO PG
40%
1983 8 George Gervin 3524 647 SAS SG
40%
1982 5 George Gervin 3866 390 SAS SG
40%
1981 6 George Gervin 3593 583 SAS SG
40%
1980 8 George Gervin 3733 472 SAS SG
40%
1979 4 George Gervin 4024 304 SAS SF
40%
1978 5 George Gervin 3795 432 SAS SG
40%
1977 19 George Gervin 3104 1247 SAS SF
40%
2017 23 Gordon Hayward 3011 1438 UTA SF
40%
2000 13 Grant Hill 3364 819 DET SF
40%
1998 5 Grant Hill 3633 561 DET SF
40%
1997 8 Grant Hill 4004 317 DET SF
40%
1996 10 Grant Hill 3749 457 DET SF
40%
2009 15 Hedo Turkoglu 3278 960 ORL SF
40%
2008 18 Hedo Turkoglu 3349 844 ORL SF
40%
1991 20 Hersey Hawkins 3189 1092 PHI SG
40%
2003 14 Jamal Mashburn 3454 716 NOH SF
40%
2001 17 Jamal Mashburn 3464 706 CHH SF
40%
1993 22 Jeff Hornacek 3101 1255 PHI PG
40%
1992 13 Jeff Hornacek 3364 820 PHO SG
40%
2002 18 Jerry Stackhouse 3181 1102 DET SF
40%
2001 12 Jerry Stackhouse 3666 526 DET SG
40%
2000 16 Jerry Stackhouse 3231 1026 DET SG
40%
2014 16 Joakim Noah 3163 1125 CHI C
40%
1991 18 Joe Dumars 3298 923 DET SG
40%
1977 21 John Havlicek 3029 1406 BOS SF
40%
1975 9 John Havlicek 3455 713 BOS SF
40%
1974 6 John Havlicek 4073 279 BOS SF
40%
1973 5 John Havlicek 4004 315 BOS SF
40%
1972 2 John Havlicek 4685 107 BOS SF
40%
1971 3 John Havlicek 4282 200 BOS SF
40%
1970 8 John Havlicek 3695 498 BOS SG
40%
1969 4 John Havlicek 4060 286 BOS SG
40%
1968 4 John Havlicek 3955 347 BOS SG
40%
1967 11 John Havlicek 3197 1078 BOS SF
40%
1990 25 Johnny Dawkins 3110 1237 PHI PG
40%
1993 25 John Starks 3021 1423 NYK SG
40%
1997 17 Kenny Anderson 3275 969 POR PG
40%
1994 8 Kenny Anderson 3739 464 NJN PG
40%
2003 20 Kenyon Martin 3200 1073 NJN PF
40%
1990 26 Kevin McHale 3107 1241 BOS PF
40%
1988 24 Kevin McHale 3128 1200 BOS PF
40%
1987 6 Kevin McHale 4130 253 BOS PF
40%
1986 17 Kevin McHale 3274 970 BOS PF
40%
1985 13 Kevin McHale 3503 667 BOS PF
40%
1984 27 Kevin McHale 3053 1345 BOS PF
40%
1979 6 Kevin Porter 3830 412 DET PG
40%
1978 18 Kevin Porter 3260 984 DET,NJN PG
40%
1975 20 Kevin Porter 3112 1232 WSB PG
40%
1994 17 Kevin Willis 3199 1075 ATL PF
40%
1992 18 Kevin Willis 3210 1056 ATL PF
40%
2007 22 Kirk Hinrich 3049 1355 CHI PG
40%
2008 19 Lamar Odom 3281 954 LAL PF
40%
2006 19 Lamar Odom 3239 1010 LAL PF
40%
2004 9 Lamar Odom 3383 795 MIA PF
40%
1992 12 Larry Nance 3441 731 CLE PF
40%
1984 18 Larry Nance 3382 798 PHO PF
40%
2000 19 Latrell Sprewell 3176 1109 NYK SF
40%
1997 11 Latrell Sprewell 3495 674 GSW SG
40%
1994 15 Latrell Sprewell 3271 972 GSW SG
40%
1973 21 Lenny Wilkens 3140 1160 CLE PG
40%
1972 18 Lenny Wilkens 3308 900 SEA PG
40%
1971 26 Lenny Wilkens 3030 1403 SEA PG
40%
1970 21 Lenny Wilkens 3078 1298 SEA PG
40%
1969 10 Lenny Wilkens 3694 499 SEA PG
40%
1968 8 Lenny Wilkens 3676 518 STL PG
40%
1967 16 Lenny Wilkens 3042 1379 STL PG
40%
2007 23 Luol Deng 3046 1366 CHI SF
40%
1988 17 Mark Aguirre 3651 545 DAL SF
40%
1987 25 Mark Aguirre 3238 1013 DAL SF
40%
1986 16 Mark Aguirre 3304 907 DAL SF
40%
1985 22 Mark Aguirre 3295 928 DAL SF
40%
1984 5 Mark Aguirre 3987 328 DAL SF
40%
1983 15 Mark Aguirre 3257 992 DAL SF
40%
1993 20 Mark Price 3131 1189 CLE PG
40%
1992 16 Mark Price 3249 1000 CLE PG
40%
1990 18 Mark Price 3344 853 CLE PG
40%
1989 25 Mark Price 3148 1151 CLE PG
40%
2001 19 Michael Finley 3412 759 DAL SF
40%
2000 11 Michael Finley 3390 788 DAL SF
40%
1998 15 Michael Finley 3173 1112 DAL SF
40%
2006 25 Michael Redd 3111 1235 MIL SG
40%
1985 8 Micheal Ray Richardson 3854 399 NJN PG
40%
1982 14 Micheal Ray Richardson 3432 736 NYK PG
40%
1981 8 Micheal Ray Richardson 3430 739 NYK SG
40%
1980 6 Micheal Ray Richardson 3757 451 NYK SG
40%
2006 22 Mike Bibby 3142 1156 SAC PG
40%
2005 19 Mike Bibby 3334 864 SAC PG
40%
2004 12 Mike Bibby 3287 941 SAC PG
40%
2001 25 Mike Bibby 3094 1268 VAN PG
40%
1997 19 Mitch Richmond 3232 1019 SAC SG
40%
1992 27 Mitch Richmond 3070 1311 SAC SG
40%
1991 19 Mitch Richmond 3231 1027 GSW SG
40%
1989 20 Mitch Richmond 3276 966 GSW SG
40%
2000 21 Nick Van Exel 3093 1271 DEN PG
40%
1997 22 Nick Van Exel 3148 1149 LAL PG
40%
1995 12 Nick Van Exel 3402 773 LAL PG
40%
2014 19 Nicolas Batum 3029 1405 POR SF
40%
1994 19 Otis Thorpe 3111 1234 HOU PF
40%
1988 21 Otis Thorpe 3191 1090 SAC PF
40%
2004 11 Peja Stojakovic 3295 925 SAC SF
40%
1992 21 Pooh Richardson 3165 1123 MIN PG
40%
1991 17 Pooh Richardson 3299 920 MIN PG
40%
2009 17 Rashard Lewis 3182 1100 ORL PF
40%
1992 24 Reggie Lewis 3130 1194 BOS SG
40%
2006 29 Richard Hamilton 3020 1424 DET SG
40%
2005 16 Richard Hamilton 3400 775 DET SG
40%
2004 15 Richard Hamilton 3216 1047 DET SG
40%
2006 24 Richard Jefferson 3118 1218 NJN SF
40%
2004 21 Richard Jefferson 3122 1210 NJN SF
40%
1978 10 Rick Barry 3442 729 GSW SF
40%
1977 7 Rick Barry 3786 436 GSW SF
40%
1976 5 Rick Barry 4034 299 GSW SF
40%
1975 2 Rick Barry 4995 51 GSW SF
40%
1974 8 Rick Barry 3726 481 GSW SF
40%
1973 12 Rick Barry 3640 554 GSW SF
40%
1967 2 Rick Barry 4803 81 SFW SF
40%
1966 9 Rick Barry 3255 995 SFW SF
40%
1989 26 Robert Parish 3118 1220 BOS C
40%
1987 18 Robert Parish 3492 679 BOS C
40%
1986 22 Robert Parish 3063 1321 BOS C
40%
1985 19 Robert Parish 3336 863 BOS C
40%
1984 9 Robert Parish 3534 640 BOS C
40%
1983 24 Robert Parish 3054 1342 BOS C
40%
1982 12 Robert Parish 3475 693 BOS C
40%
1981 9 Robert Parish 3411 760 BOS C
40%
1998 7 Rod Strickland 3507 663 WAS PG
40%
1997 12 Rod Strickland 3486 684 WSB PG
40%
1996 16 Rod Strickland 3169 1118 POR PG
40%
1994 10 Rod Strickland 3626 563 POR PG
40%
1993 26 Ron Harper 3005 1451 LAC SG
40%
1992 20 Ron Harper 3177 1108 LAC SG
40%
1989 21 Ron Harper 3236 1015 CLE SG
40%
1987 21 Ron Harper 3347 850 CLE SG
40%
2006 26 Sam Cassell 3111 1236 LAC PG
40%
2004 5 Sam Cassell 3638 556 MIN PG
40%
2003 24 Sam Cassell 3038 1384 MIL PG
40%
2001 15 Sam Cassell 3586 588 MIL PG
40%
2000 6 Sam Cassell 3565 607 MIL PG
40%
1998 16 Sam Cassell 3066 1316 NJN PG
40%
1965 7 Sam Jones 3385 792 BOS SG
40%
1993 24 Scott Skiles 3049 1357 ORL PG
40%
1991 25 Scott Skiles 3040 1382 ORL PG
40%
2001 26 Shareef Abdur-Rahim 3065 1317 VAN SF
40%
2000 17 Shareef Abdur-Rahim 3206 1064 VAN SF
40%
1998 20 Shareef Abdur-Rahim 3001 1458 VAN SF
40%
1997 15 Shawn Kemp 3350 842 SEA PF
40%
1996 9 Shawn Kemp 3770 441 SEA PF
40%
1995 17 Shawn Kemp 3129 1196 SEA PF
40%
1994 18 Shawn Kemp 3183 1099 SEA PF
40%
1993 12 Shawn Kemp 3466 700 SEA PF
40%
2007 19 Shawn Marion 3095 1267 PHO SF
40%
2006 7 Shawn Marion 4073 280 PHO PF
40%
2005 11 Shawn Marion 3608 575 PHO PF
40%
2003 17 Shawn Marion 3392 786 PHO SF
40%
2005 13 Stephon Marbury 3493 676 NYK PG
40%
2004 4 Stephon Marbury 3639 555 NYK,PHO PG
40%
2003 10 Stephon Marbury 3736 469 PHO PG
40%
2002 15 Stephon Marbury 3362 824 PHO PG
40%
2000 15 Stephon Marbury 3251 998 NJN PG
40%
1998 12 Stephon Marbury 3372 808 MIN PG
40%
2005 18 Steve Francis 3347 848 ORL PG
40%
2004 20 Steve Francis 3125 1202 HOU PG
40%
2003 18 Steve Francis 3388 790 HOU PG
40%
2001 20 Steve Francis 3350 843 HOU PG
40%
1992 9 Terry Porter 3687 505 POR PG
40%
1991 13 Terry Porter 3699 496 POR PG
40%
1990 12 Terry Porter 4120 258 POR PG
40%
1989 13 Terry Porter 3626 564 POR PG
40%
1988 19 Terry Porter 3576 594 POR PG
40%
1987 26 Terry Porter 3159 1132 POR PG
40%
1990 14 Tom Chambers 3825 414 PHO PF
40%
1989 10 Tom Chambers 3936 358 PHO PF
40%
1987 16 Tom Chambers 3576 593 SEA PF
40%
1997 14 Tom Gugliotta 3369 815 MIN PF
40%
2015 16 Tyreke Evans 3014 1432 NOP SG
40%
1998 17 Vin Baker 3032 1396 SEA C
40%
1997 25 Vin Baker 3056 1338 MIL PF
40%
1996 19 Vin Baker 3120 1212 MIL PF
40%
1995 18 Vin Baker 3091 1277 MIL PF
40%
1995 13 Vlade Divac 3371 812 LAL C
40%
1979 25 Wes Unseld 3018 1427 WSB C
40%
1975 19 Wes Unseld 3147 1152 WSB C
40%
1973 23 Wes Unseld 3104 1248 BAL C
40%
1972 23 Wes Unseld 3080 1294 BAL C
40%
1971 8 Wes Unseld 3601 578 BAL C
40%
1970 9 Wes Unseld 3563 608 BAL C
40%
1969 19 Wes Unseld 3207 1062 BAL C
40%
1971 17 Willis Reed 3212 1054 NYK C
40%
1970 6 Willis Reed 3979 335 NYK C
40%
1969 8 Willis Reed 3740 463 NYK C
40%
1968 10 Willis Reed 3288 939 NYK PF
40%
1967 12 Willis Reed 3195 1082 NYK PF
40%
1965 11 Willis Reed 3001 1457 NYK C
40%
1972 8 Archie Clark 3710 492 BAL,PHI PG
20%
1971 15 Archie Clark 3279 959 PHI PG
20%
1968 18 Archie Clark 3056 1336 LAL PG
20%
1968 12 Bailey Howell 3226 1035 BOS PF
20%
1965 10 Bailey Howell 3149 1145 BAL PF
20%
1963 7 Bailey Howell 3302 909 DET SF
20%
1962 10 Bailey Howell 3286 942 DET SF
20%
1961 8 Bailey Howell 3464 704 DET PF
20%
1990 27 Bernard King 3051 1352 WSB SF
20%
1984 17 Bernard King 3424 745 NYK SF
20%
1981 20 Bernard King 3002 1454 GSW SF
20%
1979 17 Bernard King 3266 976 NJN SF
20%
1978 22 Bernard King 3204 1066 NJN SF
20%
1988 25 Bill Laimbeer 3103 1250 DET C
20%
1987 28 Bill Laimbeer 3102 1251 DET C
20%
1986 24 Bill Laimbeer 3004 1452 DET C
20%
1985 25 Bill Laimbeer 3171 1117 DET C
20%
1984 30 Bill Laimbeer 3025 1418 DET C
20%
1975 13 Billy Cunningham 3299 919 PHI SF
20%
1972 15 Billy Cunningham 3548 621 PHI SF
20%
1971 5 Billy Cunningham 3964 341 PHI SF
20%
1970 3 Billy Cunningham 4157 243 PHI SF
20%
1969 6 Billy Cunningham 3867 388 PHI PF
20%
1979 10 Bob Dandridge 3712 488 WSB SF
20%
1978 16 Bob Dandridge 3328 874 WSB SF
20%
1971 18 Bob Dandridge 3137 1169 MIL SF
20%
1977 18 Bob Lanier 3141 1158 DET C
20%
1976 15 Bob Lanier 3149 1146 DET C
20%
1975 5 Bob Lanier 3831 411 DET C
20%
1974 4 Bob Lanier 4290 195 DET C
20%
1973 10 Bob Lanier 3652 542 DET C
20%
1972 9 Bob Lanier 3684 507 DET C
20%
1978 1 Bob McAdoo 4200 229 NYK C
20%
1977 11 Bob McAdoo 3373 806 BUF,NYK C
20%
1976 2 Bob McAdoo 4738 93 BUF C
20%
1975 1 Bob McAdoo 5011 50 BUF C
20%
1974 3 Bob McAdoo 4361 175 BUF C
20%
2006 14 Boris Diaw 3542 630 PHO PF
20%
1991 24 Brian Shaw 3076 1304 BOS PG
20%
1988 14 Byron Scott 3668 523 LAL SG
20%
1976 13 Calvin Murphy 3280 957 HOU PG
20%
1974 15 Calvin Murphy 3207 1061 HOU PG
20%
1976 16 Charlie Scott 3134 1177 BOS SG
20%
1973 16 Charlie Scott 3380 801 PHO PG
20%
1987 30 Chuck Person 3102 1253 IND SF
20%
1962 13 Cliff Hagan 3137 1168 STL SF
20%
1961 7 Cliff Hagan 3672 521 STL SF
20%
1960 5 Cliff Hagan 3845 403 STL SF
20%
1959 6 Cliff Hagan 3255 994 STL SF
20%
1983 19 Dan Issel 3179 1105 DEN C
20%
1982 19 Dan Issel 3051 1349 DEN C
20%
1980 16 Dan Issel 3208 1058 DEN C
20%
1978 4 Dan Issel 3837 406 DEN C
20%
1977 17 Dan Issel 3168 1119 DEN C
20%
1988 23 Danny Ainge 3136 1173 BOS SG
20%
1985 32 Darrell Griffith 3028 1410 UTA SG
20%
1984 26 Darrell Griffith 3056 1339 UTA SG
20%
1975 16 Dave Bing 3269 975 DET PG
20%
1974 14 Dave Bing 3283 949 DET PG
20%
1973 15 Dave Bing 3412 758 DET PG
20%
1971 13 Dave Bing 3393 782 DET PG
20%
1969 17 Dave Bing 3274 971 DET PG
20%
1968 6 Dave Bing 3784 438 DET PG
20%
1978 14 Dave Cowens 3384 794 BOS C
20%
1976 3 Dave Cowens 4415 161 BOS C
20%
1975 7 Dave Cowens 3561 611 BOS C
20%
1974 2 Dave Cowens 4458 152 BOS C
20%
1973 3 Dave Cowens 4276 203 BOS C
20%
1972 13 Dave Cowens 3570 600 BOS C
20%
1971 24 Dave Cowens 3045 1369 BOS C
20%
1988 13 Doc Rivers 3679 512 ATL PG
20%
1987 19 Doc Rivers 3480 690 ATL PG
20%
1961 6 Dolph Schayes 3718 483 SYR PF
20%
1960 8 Dolph Schayes 3312 894 SYR PF
20%
1959 4 Dolph Schayes 3305 902 SYR PF
20%
1958 3 Dolph Schayes 3398 776 SYR PF
20%
1957 2 Dolph Schayes 3308 898 SYR PF
20%
1956 4 Dolph Schayes 3105 1245 SYR PF
20%
1955 3 Dolph Schayes 3076 1303 SYR PF
20%
1990 16 Fat Lever 3527 646 DEN SG
20%
1989 14 Fat Lever 3481 689 DEN SG
20%
1988 9 Fat Lever 4032 301 DEN SG
20%
1987 8 Fat Lever 3939 357 DEN PG
20%
1986 20 Fat Lever 3180 1103 DEN PG
20%
1985 18 Fat Lever 3351 841 DEN PG
20%
1971 22 Geoff Petrie 3091 1279 POR SG
20%
1954 1 George Mikan 3155 1135 MNL C
20%
1953 1 George Mikan 3320 881 MNL C
20%
1952 1 George Mikan 3363 821 MNL C
20%
1951 1 George Mikan 3566 603 MNL C
20%
1967 5 Guy Rodgers 3697 497 CHI PG
20%
1966 6 Guy Rodgers 3581 591 SFW SG
20%
1963 8 Guy Rodgers 3142 1155 SFW PG
20%
1970 19 Hal Greer 3096 1266 PHI SG
20%
1969 15 Hal Greer 3315 889 PHI SG
20%
1968 7 Hal Greer 3688 503 PHI SG
20%
1967 8 Hal Greer 3455 712 PHI SG
20%
1966 10 Hal Greer 3220 1042 PHI SG
20%
1964 9 Hal Greer 3292 931 PHI SG
20%
1984 13 Jack Sikma 3496 673 SEA C
20%
1982 9 Jack Sikma 3738 465 SEA C
20%
1981 17 Jack Sikma 3049 1354 SEA C
20%
1980 14 Jack Sikma 3220 1043 SEA C
20%
1979 13 Jack Sikma 3542 629 SEA C
20%
1963 11 Jack Twyman 3019 1425 CIN SF
20%
1962 17 Jack Twyman 3028 1408 CIN SF
20%
1961 14 Jack Twyman 3119 1214 CIN SF
20%
1960 7 Jack Twyman 3522 648 CIN SF
20%
2003 26 Jason Terry 3014 1434 ATL PG
20%
1972 19 Jeff Mullins 3262 981 GSW SG
20%
1969 23 Jeff Mullins 3063 1322 SFW SG
20%
1968 19 Jeff Mullins 3035 1391 SFW SG
20%
1984 10 Jeff Ruland 3533 642 WSB C
20%
1983 25 Jeff Ruland 3026 1414 WSB C
20%
1990 19 Jerome Kersey 3313 893 POR SF
20%
1972 14 Jerry Lucas 3570 601 NYK C
20%
1971 10 Jerry Lucas 3557 616 SFW PF
20%
1969 14 Jerry Lucas 3329 871 CIN PF
20%
1968 5 Jerry Lucas 3822 417 CIN PF
20%
1967 6 Jerry Lucas 3664 534 CIN PF
20%
1966 5 Jerry Lucas 4027 303 CIN PF
20%
1965 9 Jerry Lucas 3244 1004 CIN PF
20%
1964 8 Jerry Lucas 3498 671 CIN PF
20%
1979 18 John Lucas 3256 993 GSW PG
20%
1985 14 Johnny Moore 3495 675 SAS PG
20%
1983 7 Johnny Moore 3597 581 SAS PG
20%
1982 20 Johnny Moore 3047 1364 SAS PG
20%
1997 23 Kendall Gill 3140 1161 NJN SF
20%
1987 33 Kiki Vandeweghe 3018 1428 POR SF
20%
1984 16 Kiki Vandeweghe 3451 722 DEN PF
20%
1983 10 Kiki Vandeweghe 3474 694 DEN PF
20%
1973 19 Lou Hudson 3271 973 ATL SF
20%
1972 22 Lou Hudson 3127 1201 ATL SG
20%
1971 20 Lou Hudson 3131 1190 ATL SF
20%
1970 14 Lou Hudson 3259 986 ATL SF
20%
1969 21 Lou Hudson 3100 1257 ATL SF
20%
1986 9 Maurice Cheeks 3733 473 PHI PG
20%
1982 13 Maurice Cheeks 3466 701 PHI PG
20%
1980 21 Maurice Cheeks 3052 1347 PHI PG
20%
1984 29 Maurice Lucas 3026 1416 PHO PF
20%
1977 5 Maurice Lucas 3895 378 POR PF
20%
1997 16 Mookie Blaylock 3312 895 ATL PG
20%
1996 17 Mookie Blaylock 3157 1133 ATL PG
20%
1995 15 Mookie Blaylock 3329 872 ATL PG
20%
1994 7 Mookie Blaylock 3799 431 ATL PG
20%
1973 11 Nate Thurmond 3643 551 GSW C
20%
1972 10 Nate Thurmond 3653 541 GSW C
20%
1971 12 Nate Thurmond 3452 718 SFW C
20%
1969 9 Nate Thurmond 3705 493 SFW C
20%
1967 7 Nate Thurmond 3606 576 SFW C
20%
1956 2 Neil Johnston 3317 884 PHW C
20%
1955 2 Neil Johnston 3146 1153 PHW C
20%
1974 17 Norm Van Lier 3162 1127 CHI PG
20%
1971 9 Norm Van Lier 3562 609 CIN SG
20%
1962 16 Paul Arizin 3045 1368 PHW SF
20%
1961 15 Paul Arizin 3006 1449 PHW SF
20%
1956 5 Paul Arizin 3089 1282 PHW SF
20%
1986 12 Paul Pressey 3566 605 MIL SF
20%
1985 21 Paul Pressey 3299 921 MIL SF
20%
1980 15 Paul Westphal 3218 1045 PHO SG
20%
1979 7 Paul Westphal 3812 424 PHO SG
20%
1978 17 Paul Westphal 3318 883 PHO SG
20%
1976 8 Paul Westphal 3749 456 PHO PG
20%
1977 9 Pete Maravich 3537 636 NOJ SG
20%
1975 17 Pete Maravich 3236 1014 NOJ SG
20%
1974 12 Pete Maravich 3397 777 ATL SG
20%
1973 8 Pete Maravich 3767 443 ATL SG
20%
1971 23 Pete Maravich 3072 1308 ATL SG
20%
1975 12 Phil Chenier 3332 867 WSB SG
20%
1974 24 Phil Chenier 3001 1459 CAP SG
20%
1986 4 Ralph Sampson 4003 318 HOU PF
20%
1985 10 Ralph Sampson 3572 598 HOU PF
20%
1984 22 Ralph Sampson 3226 1037 HOU C
20%
1964 10 Red Kerr 3103 1249 PHI C
20%
1962 11 Red Kerr 3154 1137 SYR C
20%
1987 22 Reggie Theus 3344 855 SAC PG
20%
1986 11 Reggie Theus 3611 573 SAC SG
20%
1985 30 Reggie Theus 3036 1390 KCK SG
20%
1983 12 Reggie Theus 3381 799 CHI PG
20%
1981 16 Reggie Theus 3055 1340 CHI SG
20%
1980 19 Reggie Theus 3153 1141 CHI SG
20%
1962 8 Richie Guerin 3882 383 NYK SG
20%
1961 9 Richie Guerin 3354 837 NYK SG
20%
1960 10 Richie Guerin 3056 1335 NYK SG
20%
1986 23 Rolando Blackman 3015 1431 DAL SG
20%
1984 21 Rolando Blackman 3227 1033 DAL SG
20%
1977 15 Rudy Tomjanovich 3231 1025 HOU PF
20%
1975 18 Rudy Tomjanovich 3161 1129 HOU PF
20%
1974 13 Rudy Tomjanovich 3333 865 HOU SF
20%
1985 23 Sidney Moncrief 3203 1069 MIL PG
20%
1984 8 Sidney Moncrief 3622 566 MIL SG
20%
1983 17 Sidney Moncrief 3202 1071 MIL SG
20%
1982 17 Sidney Moncrief 3220 1044 MIL SG
20%
2001 27 Terrell Brandon 3030 1404 MIN PG
20%
2000 24 Terrell Brandon 3044 1371 MIN PG
20%
1990 17 Terry Cummings 3493 677 SAS PF
20%
1989 23 Terry Cummings 3167 1121 MIL SF
20%
1987 17 Terry Cummings 3518 659 MIL PF
20%
1986 13 Terry Cummings 3440 733 MIL PF
20%
1985 12 Terry Cummings 3566 606 MIL PF
20%
1984 25 Terry Cummings 3058 1331 SDC PF
20%
1988 31 Thurl Bailey 3008 1447 UTA SF
20%
1981 13 Tiny Archibald 3132 1185 BOS PG
20%
1980 20 Tiny Archibald 3077 1300 BOS PG
20%
1976 10 Tiny Archibald 3519 655 KCK PG
20%
1975 4 Tiny Archibald 3832 409 KCO PG
20%
1973 1 Tiny Archibald 4762 90 KCO PG
20%
1972 7 Tiny Archibald 3769 442 CIN PG
20%
1960 11 Tom Gola 3027 1411 PHW SG
20%
1962 9 Tom Heinsohn 3292 932 BOS PF
20%
1960 9 Tom Heinsohn 3229 1030 BOS PF
20%
1975 10 Walt Frazier 3436 734 NYK PG
20%
1974 7 Walt Frazier 3943 352 NYK PG
20%
1973 6 Walt Frazier 3849 400 NYK PG
20%
1972 5 Walt Frazier 3889 381 NYK PG
20%
1971 7 Walt Frazier 3801 429 NYK PG
20%
1970 4 Walt Frazier 4097 266 NYK PG
20%
1969 11 Walt Frazier 3640 553 NYK PG
20%
1988 28 Xavier McDaniel 3069 1313 SEA SF
20%
1987 12 Xavier McDaniel 3691 501 SEA SF
20%
1969 24 Zelmo Beaty 3045 1370 ATL C
20%
1968 11 Zelmo Beaty 3280 956 STL C
20%
1966 8 Zelmo Beaty 3357 832 STL C
20%
1983 26 Andrew Toney 3026 1415 PHI SG
0%
1970 12 Bill Bridges 3404 769 ATL PF
0%
1969 22 Bill Bridges 3093 1272 ATL PF
0%
1968 17 Bill Bridges 3086 1285 STL PF
0%
1967 9 Bill Bridges 3361 825 STL PF
0%
1977 14 Billy Knight 3313 892 IND SF
0%
1971 19 Bob Kauffman 3136 1171 BUF C
0%
1970 20 Bob Rule 3078 1297 SEA C
0%
1969 20 Bob Rule 3188 1093 SEA C
0%
1978 23 Brian Winters 3131 1192 MIL SG
0%
1985 11 Calvin Natt 3571 599 DEN PF
0%
1983 21 Clark Kellogg 3115 1227 IND PF
0%
1970 10 Clem Haskins 3441 730 CHI SG
0%
1983 22 Dan Roundfield 3092 1276 ATL PF
0%
1973 22 Dave DeBusschere 3123 1206 NYK PF
0%
1972 20 Dave DeBusschere 3249 1002 NYK PF
0%
1971 27 Dave DeBusschere 3001 1460 NYK PF
0%
1968 16 Dave DeBusschere 3117 1221 DET SF
0%
1969 18 Don Kojis 3238 1011 SDR SF
0%
1971 16 Earl Monroe 3262 979 BAL PG
0%
1970 15 Earl Monroe 3258 989 BAL PG
0%
1969 16 Earl Monroe 3295 927 BAL SG
0%
1968 15 Earl Monroe 3154 1138 BAL SG
0%
1974 21 Ernie DiGregorio 3050 1353 BUF PG
0%
1976 19 Gar Heard 3008 1446 PHO,BUF PF
0%
1974 18 Gar Heard 3152 1142 BUF PF
0%
1962 15 Gene Shue 3113 1229 DET PG
0%
1961 10 Gene Shue 3308 899 DET PG
0%
1979 16 George McGinnis 3326 876 DEN PF
0%
1978 9 George McGinnis 3450 723 PHI PF
0%
1977 3 George McGinnis 4039 297 PHI PF
0%
1976 6 George McGinnis 3832 410 PHI PF
0%
1958 4 George Yardley 3233 1016 DET SF
0%
1971 21 Jack Marin 3116 1226 BAL SF
0%
1980 10 Jamaal Wilkes 3403 771 LAL SF
0%
1979 26 Jamaal Wilkes 3012 1437 LAL SF
0%
1976 18 Jamaal Wilkes 3036 1387 GSW SF
0%
1987 24 Joe Barry Carroll 3283 950 GSW C
0%
1983 18 Joe Barry Carroll 3196 1081 GSW C
0%
1970 22 Joe Caldwell 3054 1341 ATL SG
0%
1983 23 Larry Drew 3073 1307 KCK PG
0%
1979 5 Larry Kenon 3984 329 SAS PF
0%
1978 15 Larry Kenon 3332 868 SAS SF
0%
1977 13 Larry Kenon 3336 862 SAS PF
0%
1978 8 Marvin Webster 3619 569 SEA C
0%
1958 5 Maurice Stokes 3045 1367 CIN PF
0%
1957 3 Maurice Stokes 3042 1378 ROC PF
0%
1985 26 Norm Nixon 3134 1179 LAC PG
0%
1984 11 Norm Nixon 3520 653 SDC PG
0%
1983 20 Norm Nixon 3149 1148 LAL PG
0%
1982 11 Norm Nixon 3641 552 LAL PG
0%
1981 11 Norm Nixon 3254 997 LAL PG
0%
1980 9 Norm Nixon 3731 476 LAL PG
0%
1979 12 Norm Nixon 3677 516 LAL PG
0%
1973 24 Paul Silas 3006 1450 BOS PF
0%
1972 24 Paul Silas 3044 1372 PHO PF
0%
1979 22 Phil Ford 3105 1246 KCK PG
0%
1985 24 Purvis Short 3195 1083 GSW SF
0%
1979 21 Rich Kelley 3141 1159 NOJ C
0%
1978 24 Ricky Sobers 3124 1203 IND PG
0%
1981 7 Robert Reid 3552 619 HOU SF
0%
1987 27 Rodney McCray 3123 1207 HOU SF
0%
1988 29 Roy Tarpley 3043 1377 DAL PF
0%
1968 14 Rudy LaRusso 3167 1120 SFW PF
0%
1976 17 Sam Lacey 3081 1292 KCK C
0%
1975 8 Sam Lacey 3472 696 KCO C
0%
1974 19 Sam Lacey 3082 1290 KCO C
0%
1981 15 Scott Wedman 3099 1260 KCK SF
0%
1975 11 Sidney Wicks 3417 752 POR PF
0%
1974 16 Sidney Wicks 3173 1113 POR PF
0%
1973 9 Sidney Wicks 3656 538 POR PF
0%
1972 11 Sidney Wicks 3652 543 POR PF
0%
1989 24 Sleepy Floyd 3162 1128 HOU PG
0%
1987 5 Sleepy Floyd 4137 249 GSW PG
0%
1986 15 Sleepy Floyd 3372 810 GSW PG
0%
1976 14 Slick Watts 3230 1029 SEA PG
0%
1974 11 Spencer Haywood 3419 750 SEA PF
0%
1973 13 Spencer Haywood 3638 558 SEA PF
0%
1972 21 Spencer Haywood 3136 1172 SEA PF
0%
1979 24 Tom Owens 3048 1360 POR C
0%
1972 17 Walt Bellamy 3314 891 ATL C
0%
1967 14 Walt Bellamy 3138 1167 NYK C
0%
1966 7 Walt Bellamy 3544 624 BAL,NYK C
0%
1965 5 Walt Bellamy 3957 345 BAL C
0%
1964 6 Walt Bellamy 3772 440 BAL C
0%
1963 6 Walt Bellamy 4008 312 CHZ C
0%
1962 5 Walt Bellamy 4415 162 CHP C
0%
1968 13 Walt Hazzard 3212 1053 SEA PG
0%
1963 9 Wayne Embry 3096 1263 CIN C
0%
1962 14 Willie Naulls 3128 1198 NYK SF
0%
1961 11 Willie Naulls 3283 947 NYK SF
0%
1979 14 World B. Free 3371 813 SDC PG
0%
No matching quizzes found
Score Distribution
Percent of People with Each Score
Percentile by Number Answered
Your Score History
You have not taken this quiz